Cơ sở năng lượng tái tạo

Nội dung sách trình bày tổng quan về lịch sử tiến hóa sử dụng năng lượng và năng lượng tái tạo; đặc trưng của bức xạ mặt trời; tương tác của bức xạ mặt trời và vật chất; giới thiệu công nghệ điện mặt trời; nguồn gốc, tiềm na...

Volledige beschrijving

Bewaard in:
Bibliografische gegevens
Hoofdauteur: Dương Ngọc Huyền
Formaat: Boek
Taal:Vietnamese
Gepubliceerd in: H. Bách khoa Hà Nội 2022
Onderwerpen:
Tags: Voeg label toe
Geen labels, Wees de eerste die dit record labelt!
Thư viện lưu trữ: Thư viện Trường Đại học Nam Cần Thơ
LEADER 01836nam a22002417a 4500
001 NCT_4_014017
008 241016b xxu||||| |||| 00| 0 vie d
999 |c 8660  |d 8660 
020 |a 9786043167733  |c 145000 
082 0 4 |2 23rd ed.  |a 333.794  |b H527 
100 1 |a Dương Ngọc Huyền 
245 1 0 |a Cơ sở năng lượng tái tạo  |c Dương Ngọc Huyền 
260 |a H.  |b Bách khoa Hà Nội  |c 2022 
300 |a 251 tr.  |b Minh hoạ  |c 24 cm 
520 3 |a Nội dung sách trình bày tổng quan về lịch sử tiến hóa sử dụng năng lượng và năng lượng tái tạo; đặc trưng của bức xạ mặt trời; tương tác của bức xạ mặt trời và vật chất; giới thiệu công nghệ điện mặt trời; nguồn gốc, tiềm năng và đặc trưng của gió trên mặt đất;... 
653 |a Quản lý tài nguyên & Môi trường 
942 |2 ddc  |c BK 
952 |0 0  |1 0  |2 ddc  |4 0  |6 333_794000000000000_H527  |7 0  |9 29775  |a 000001  |b 000001  |d 2024-10-21  |o 333.794 H527  |p MD.22881  |r 2024-10-21  |v 145000.00  |w 2024-10-21  |y BK 
952 |0 0  |1 0  |2 ddc  |4 0  |6 333_794000000000000_H527  |7 0  |9 29776  |a 000001  |b 000001  |d 2024-10-21  |o 333.794 H527  |p MD.22882  |r 2024-10-21  |v 145000.00  |w 2024-10-21  |y BK 
952 |0 0  |1 0  |2 ddc  |4 0  |6 333_794000000000000_H527  |7 0  |9 29777  |a 000001  |b 000001  |d 2024-10-21  |o 333.794 H527  |p MD.22883  |r 2024-10-21  |v 145000.00  |w 2024-10-21  |y BK 
952 |0 0  |1 0  |2 ddc  |4 0  |6 333_794000000000000_H527  |7 0  |9 29778  |a 000001  |b 000001  |d 2024-10-21  |o 333.794 H527  |p MD.22884  |r 2024-10-21  |v 145000.00  |w 2024-10-21  |y BK 
952 |0 0  |1 0  |2 ddc  |4 0  |6 333_794000000000000_H527  |7 0  |9 29779  |a 000001  |b 000001  |d 2024-10-21  |o 333.794 H527  |p MD.22885  |r 2024-10-21  |v 145000.00  |w 2024-10-21  |y BK 
980 |a Thư viện Trường Đại học Nam Cần Thơ